000 00974nam a2200217Ia 4500
003 Ost
005 20260507075733.0
008 260507s9999||||xx |||||||||||||| ||und||
020 _a998102452x
040 _cfsecg
041 _aara
082 _a303.484
100 _aدولفوس، أوليفيي
_eمؤلف
245 0 _aالعولمة وحقيقتها /
_c أوليفيي دولفوس
260 _aالدار البيضاء:
_bدار الثقافة,
_c2003
300 _a199 صفحة؛
_c21 سم
520 _aوجهات نظر،وجهاة منهاة،العالم في أماكنه،استمرارية الأماكن وتغير المعنى،مسافات وموضعات،مجالات كبية ومستويات أكبر،الفواعل في مجالات العولمة،من أجل فهم العولمة،من المحلية إلى الجهوية
653 _aالعولمة
700 _aحزل، عبد الرحيم
_eمؤلف ثانوي
942 _cكتاب
999 _c46057
_d46057